Pasapalabra futbolero - Estadísticas

Estadísticas generales
  • Esta prueba ha sido intentada 2.826 veces
    2.174 desde el último reinicio
  • La puntuación promedio es 18 de 26
Estadísticas de respuestas
LETRA DEFINICIÓN RESPUESTA % Correcto
I Selección grande, pero que lleva tres mundiales seguidos sin clasificar 2018, 2022, 2026 Italia
94%
D Nombre del jugador nacido en Costa de Marfil Drogba Didier
91%
H Lugar al que va un jugador que se lesiona gravemente durante un partido Hospital
90%
L Nombre del que para algunos es el mejor jugador de la historia Lionel Messi
89%
P Nombre del delantero argentino Dybala Paulo
89%
B Delantero que exhibió la mítica frase WHY ALWAYS ME? Mario Balotelli
86%
S Equipo que juega en el Ramón Sánchez-Pizjuán Sevilla
86%
N Selección africana que sorprendió al mundo ganando los juegos olímpicos en el año 1996 Nigeria
85%
V La única selección de Conmebol en no haber clasificado al mundial Venezuela
83%
M Jugador de una calidad indudable pero qué todo el mundo sabía que iba a fallar ese penalti contra Portugal en la final de la Nations League en 2025 Álvaro Morata
72%
W Equipo que ganó la bundesliga en la temporada 2008-09 Wolfsburgo
72%
O Ganador del Balón de Oro en el año 2001 Michael Owen
71%
G Apellido del lateral izquierdo portugués llamado Raphael y que ha jugado tanto en el Bayern München como en el Borussia Dortmund Guerreiro
70%
U Selección debutante en el mundial de 2026 Uzbekistán
70%
F Club que actualmente ostenta el récord de más finales perdidas de Conference League, con 2 en los años 2023 y 2024 Fiorentina
66%
X Club que militó en la liga española en el año 2010 Xerez
64%
T Nombre del hijo de George Weah que juega como delantero Timothy
63%
A Equipo de Chipre que logró alcanzar los cuartos de final en la Champions League de 2012 APOEL
60%
C Nacionalidad del delantero Cyle Larin Canadá
60%
K Pivote que anotó el gol decisivo en el descuento, durante el clásico de la temporada 2022-23, para que el FC Barcelona deje prácticamente cerrada Laliga Franck Kessié
60%
R Apodo del extremo español Rodrigo Riquelme Roro
59%
Y Extremo habilidoso del Deportivo de La Coruña pretendido por muchos equipos europeos Yeremay Hernández
54%
J Mítico portero que fue el artífice para que el Alcoyano consiguiera derrotar al Real Madrid en la Copa del Rey en la temporada 2020-21 José Juan
52%
Q Patrocinador de la camiseta de Boca Juniors cuando jugaba Juan Román Riquelme Quilmes
50%
E País al cual le tuvo que ganar Cabo Verde para sellar su clasificación a su primer mundial de la historia en 2026 Esuatini
40%
Z Selección que puede competir en competiciones de la CAF, pero no de la FIFA Zanzíbar
18%
No se encontraron pruebas coincidentes
Distribución de puntuación
Porcentaje de gente con cada puntuación
Porcentaje por número respondido
Historial de tus puntuaciones
No has intentado esta prueba desde el último reinicio